| 000 | 00611nam a22002057a 4500 | ||
|---|---|---|---|
| 003 | OSt | ||
| 005 | 20160602182359.0 | ||
| 008 | 160602b xxu||||| |||| 00| 0 eng d | ||
| 020 | _a9-71542511-9 (pbk) | ||
| 040 | _cLIC | ||
| 082 |
_22006 _aDFil 808 _bD15k |
||
| 100 |
_99863 _aDalisay, Jose Y. |
||
| 245 |
_aThe knowing is in the writing : notes on the practice of fiction/ _cDalisay, Jose Y. |
||
| 260 |
_aQuezon City : _bUP Press, _cc2006. |
||
| 300 |
_aviii, 173 pages ; _c23 cm. |
||
| 650 | 0 |
_99864 _aFiction _xTechnique. |
|
| 650 | 0 |
_99865 _aAuthorship. |
|
| 650 | 0 |
_99866 _aFiction. |
|
| 942 |
_2ddc _cDFIL |
||
| 999 |
_c2960 _d2960 |
||